书目信息 |
| 题名: |
生物化学与分子生物学实验指导
|
|
| 作者: | 库热西·玉努斯 , 关亚群 主编 | |
| 分册: | ||
| 出版信息: | 北京 科学出版社 2006.08 |
|
| 页数: | 112页 | |
| 开本: | 24cm | |
| 丛书名: | ||
| 单 册: | ||
| 中图分类: | Q5-33 , Q7-33 | |
| 科图分类: | ||
| 主题词: | 生物化学--sheng wu hua xue--化学实验--医学院校--教学参考资料 , 分子生物学--fen zi sheng wu xue--实验--医学院校--教学参考资料 , 生物化学--sheng wu hua xue , 化学实验--hua xue shi yan , 分子生物学--fen zi sheng wu xue | |
| 电子资源: | ||
| ISBN: | 7-03-017918-8 | |
| 000 | 01319nam0 2200313 450 | |
| 001 | 0106081729 | |
| 005 | 20201106082041.0 | |
| 010 | @a7-03-017918-8@dCNY19.00 | |
| 100 | @a20060911e20202006em y0chiy50 ea | |
| 101 | 0 | @achi |
| 102 | @aCN@b110000 | |
| 105 | @aa z 000yy | |
| 106 | @ar | |
| 200 | 1 | @a生物化学与分子生物学实验指导@Asheng wu hua xue yu fen zi sheng wu xue shi yan zhi dao@f库热西·玉努斯, 关亚群主编 |
| 210 | @a北京@c科学出版社@d2006.08@h2020.06 | |
| 215 | @a112页@c彩图@d24cm | |
| 300 | @a全国高等医学院校配套实验教材 | |
| 330 | @a本书共分三部分:概论、基本原理与技术以及教学实验。其中,基本原理与技术包括分光光度技术、PCR技术、层析、电泳、离心、分子杂交技术等;教学实验包括了验证型、综合型、设计型实验,每个实验均阐述实验目的与要求、原理和详细操作过程以及试剂与器材等。 | |
| 606 | 0 | @a生物化学@Asheng wu hua xue@x化学实验@x医学院校@j教学参考资料 |
| 606 | 0 | @a分子生物学@Afen zi sheng wu xue@x实验@x医学院校@j教学参考资料 |
| 606 | 0 | @a生物化学@Asheng wu hua xue |
| 606 | 0 | @a化学实验@Ahua xue shi yan |
| 606 | 0 | @a分子生物学@Afen zi sheng wu xue |
| 690 | @aQ5-33@v5 | |
| 690 | @aQ7-33@v5 | |
| 701 | 0 | @c(维)@a库热西·玉努斯@Aku re xi · yu nu si@f(1964~)@4主编 |
| 701 | 0 | @a关亚群@Aguan ya qun@c(女)@4主编 |
| 801 | 0 | @aCN@bBJSZM@c20201106 |
| 905 | @b1190064-7@dQ5-33@e294@f4 | |
| 生物化学与分子生物学实验指导/库热西·玉努斯, 关亚群主编.-北京:科学出版社,2006.08(2020.06) |
| 112页:彩图;24cm |
| 全国高等医学院校配套实验教材 |
| ISBN 7-03-017918-8:CNY19.00 |
| 本书共分三部分:概论、基本原理与技术以及教学实验。其中,基本原理与技术包括分光光度技术、PCR技术、层析、电泳、离心、分子杂交技术等;教学实验包括了验证型、综合型、设计型实验,每个实验均阐述实验目的与要求、原理和详细操作过程以及试剂与器材等。 |
| ● |
| 相关链接 |
|
|
|
|
正题名:生物化学与分子生物学实验指导
索取号:Q5-33/294
 
预约/预借
| 序号 | 登录号 | 条形码 | 馆藏地/架位号 | 状态 | 备注 |
| 1 | 1190064 | 211900647 | 第二样本阅览室/ [索取号:Q5-33/294] | 在馆 | |
| 2 | 1190065 | 211900656 | 第三借阅区/ [索取号:Q5-33/294] | 在馆 | |
| 3 | 1190066 | 211900665 | 第三借阅区/ [索取号:Q5-33/294] | 在馆 | |
| 4 | 1190067 | 211900674 | 第三借阅区/ [索取号:Q5-33/294] | 在馆 |